LEADER 01462nam a2200313 u 4500 001 000000028269 003 CaOOAMICUS 005 20070226111801.0 008 960603s1963 be u000 u fre u 035 $a10733169 040 $aIPA$bita 100 1 $aDesjardins, Claude.$0(OLS)http://pul/name/23033 245 10$aDieu et l'obligation morale :$bl'argument déontologique dans la scolastique récente /$cClaudio Desjardins. 260 $aBruges :$bDesclée de Brouwer,$c1963. 300 $a284 p. ;$c24 cm 500 $aComprende indici. 502 $aDiss. -- Pontificia Università gregoriana. 504 $aBibliografia: p. 243-269. 650 4$aCoscienza morale.$0(OLS)http://pul/subject/546 650 4$aDio$xEsistenza$xProve.$0(OLS)http://pul/subject/403 710 2 $aPontificia Università Gregoriana.$0(OLS)http://pul/name/147 850 $aPUL 852 $aPUL$W1$xDP1 Fondo Giannini$y60$m1554 F 41$j39278$nBK-PRI$b $qFondi$B39278$CPULBib$Z2$F39278 $H $81 852 $aPUL$W1$xDP1 Fondo Bordoni$y120$m3 G 44$j166738$qFondi$B175627$CPULBib$Z2$F175627 $HBor807 $81 910 $aPontificia Universitas Gregoriana$9147 941 1 $a1 961 $aINV: F.GIANNINI 996 $6245$aDieu et l'obligation morale :$bl'argument déontologique dans la scolastique récente$9(OLS)http://pul/title/38612 996 $6260$aBruges :$bDesclée de Brouwer$9(OLS)http://pul/publisher/48305 LEADER 01178nam a2200301 a 4500 001 000000143663 003 CaOOAMICUS 005 20150528101054.0 008 150528s2002 it u000 u ita r 020 $z8838239002* 040 $aPUL$bita 082 04$a306.42 100 1 $aTerenzi, Paolo.$0(OLS)http://pul/name/41851 245 10$aIdeologia e complessità :$bda Mannheim a Boudon /$cPaolo Terenzi. 260 $aRoma :$bStudium,$c2002. 300 $a158 p. ;$c23 cm 490 1 $aLa dialettica ;$v13 504 $aBibliografia in nota. 650 4$aSociologia della conoscenza.$0(OLS)http://pul/subject/40985 830 0$aDialettica ;$v13.$0(OLS)http://pul/title/3052 850 $aPUL 852 $aPUL$W1$xSL Diritto e Scienze Sociali 3$y79$m306. 42 TERPA 1$j165750$qDDC 21$B166095$CPULBib$Z2$F166095 $H125948 $82 941 1 $a9 996 $6020$z8838239002*$9(OLS)http://pul/number/157690 996 $6082$a306.42$9(OLS)http://pul/classification/1961 996 $6245$aIdeologia e complessità :$bda Mannheim a Boudon$9(OLS)http://pul/title/181760 996 $6260$aRoma :$bStudium$9(OLS)http://pul/publisher/47892